000 00476nam a2200157 i 4500
001 75363
003 ES-MaACL
005 20230906172426.0
007 t|
008 040923q1912 xxk ||||1| eng d
100 1 _aGregory, John Walter.
_959920
245 1 4 _aThe making of the earth /
_cby J. W. Gregory.
260 _aLondon :
_bWilliams and Norgate,
_c[1912?] (
_eSuffolk :
_fRichard Clay and Sons)
300 _aVIII, 247 p. :
_bil. ;
_c17 cm.
852 _aES-MaACL
_jC-3099
999 _c75363
_d75363